[Event "GER-ch Blitz"]
[Site "Viernheim"]
[Date "2023.07.15"]
[Round "1"]
[White "Lang, Torsten"]
[Black "Schulze, Marc Andre"]
[Result "0-1"]
[WhiteElo "2288"]
[BlackElo "2170"]
[PlyCount "70"]
[EventDate "2023.07.15"]
[EventType "tourn (blitz)"]
[EventRounds "29"]
[EventCountry "GER"]
[SourceTitle "CBM 215 Extra"]
[Source "ChessBase"]
[SourceDate "2023.09.30"]
[SourceVersion "1"]
[SourceVersionDate "2023.09.30"]
[SourceQuality "1"]

1. d4 Nf6 2. Nf3 d6 3. Bf4 g6 4. e3 Bg7 5. h3 0-0 6. Be2 b6 7. c4 Bb7 8. 0-0 Ne4 9. Nbd2 Nd7 10. Nxe4 Bxe4 11. Bh2 e5 12. d5 Bxf3 13. Bxf3 f5 14. Qc2 a5 15. Rab1 a4 16. e4 Nc5 17. Rfe1 f4 18. b4 axb3 19. axb3 h5 20. Ra1 Qh4 21. b4 Nd7 22. Ra4 g5 23. Rea1 Rxa4 24. Qxa4 Nf6 25. Qc2 g4 26. g3 Qg5 27. hxg4 hxg4 28. gxf4 exf4 29. Bg2 g3 30. fxg3 fxg3 31. Rf1 gxh2+ 32. Kh1 Ng4 33. Rxf8+ Kxf8 34. Bh3 Be5 35. c5 Qe3 0-1

[Event "GER-ch Net blitz qual2"]
[Site "Playchess.com INT"]
[Date "2021.05.04"]
[Round "1"]
[White "Schulze, Marc Andre"]
[Black "Heerde, Thomas"]
[Result "1-0"]
[WhiteElo "2061"]
[BlackElo "1663"]
[PlyCount "57"]
[EventDate "2021.05.04"]
[EventType "swiss (blitz)"]
[EventRounds "11"]
[EventCountry "GER"]
[SourceTitle "CBM 202 Extra"]
[Source "ChessBase"]
[SourceDate "2021.07.31"]
[SourceVersion "1"]
[SourceVersionDate "2021.07.31"]
[SourceQuality "1"]

1. d4 Nf6 2. Bf4 g6 3. Nc3 Bg7 4. e4 d6 5. Qd2 Nc6 6. Nf3 Bg4 7. d5 Nb4 8. a3 Na6 9. Nd4 Nc5 10. f3 Bc8 11. b4 Ncd7 12. Bc4 a5 13. 0-0 Nb6 14. Bb3 Bd7 15. Nce2 c6 16. dxc6 bxc6 17. Bh6 Kf8 18. c4 Qc7 19. c5 Nc8 20. Rac1 d5 21. exd5 Nxd5 22. Bxd5 cxd5 23. b5 e5 24. b6 Qd8 25. c6 exd4 26. Bxg7+ Kxg7 27. Qxd4+ f6 28. b7 Rb8 29. c7 1-0

[Event "GER-ch Net blitz qual1"]
[Site "Playchess.com INT"]
[Date "2021.04.24"]
[Round "5"]
[White "Schulze, Marc Andre"]
[Black "Johann, Gregor"]
[Result "1/2-1/2"]
[WhiteElo "2094"]
[BlackElo "1722"]
[PlyCount "107"]
[EventDate "2021.04.24"]
[EventType "swiss (blitz)"]
[EventRounds "11"]
[EventCountry "GER"]
[SourceTitle "CBM 202 Extra"]
[Source "ChessBase"]
[SourceDate "2021.07.31"]
[SourceVersion "1"]
[SourceVersionDate "2021.07.31"]
[SourceQuality "1"]

1. e4 e6 2. d4 d5 3. Nc3 Nf6 4. e5 Ne4 5. Nxe4 dxe4 6. Be3 c5 7. dxc5 Nd7 8. Qd4 Bxc5 9. Qxe4 Qa5+ 10. c3 Bxe3 11. Qxe3 Qxe5 12. Qxe5 Nxe5 13. 0-0-0 Bd7 14. f4 Nc6 15. Nf3 0-0-0 16. Bb5 a6 17. Ba4 b5 18. Bc2 h6 19. Rd6 Be8 20. Rhd1 Rxd6 21. Rxd6 Kc7 22. Rd1 Bd7 23. Kd2 Rd8 24. Ke3 Ne7 25. Ne5 Nd5+ 26. Kf3 f6 27. Nxd7 Rxd7 28. Bb3 Kc6 29. c4 bxc4 30. Bxc4 a5 31. a4 Kc5 32. b3 Rd6 33. g4 Nb4 34. Re1 Nc2 35. Rc1 Nd4+ 36. Ke4 f5+ 37. gxf5 exf5+ 38. Ke5 Rd8 39. h4 Kb4 40. Bd5 Nxb3 41. Bxb3 Kxb3 42. Rc7 g5 43. Re7 gxh4 44. Rh7 Re8+ 45. Kxf5 Kxa4 46. Rxh6 Kb3 47. Rxh4 a4 48. Rh3+ Kb2 49. Kf6 a3 50. Rxa3 Kxa3 51. f5 Re1 52. Kf7 Rf1 53. f6 Rxf6+ 54. Kxf6 1/2-1/2

[Event "GER-chT Online Liga 1 GpB"]
[Site "Playchess.com INT"]
[Date "2021.02.04"]
[Round "2.4"]
[White "Schulze, Marc Andre"]
[Black "Carlstedt, Jonathan"]
[Result "0-1"]
[WhiteElo "2222"]
[BlackElo "2451"]
[PlyCount "60"]
[EventDate "2021.01.18"]
[EventType "team-tourn (rapid)"]
[EventRounds "7"]
[EventCountry "GER"]
[SourceTitle "EXT 2022"]
[Source "ChessBase"]
[SourceDate "2021.10.06"]
[SourceVersion "1"]
[SourceVersionDate "2021.10.06"]
[SourceQuality "1"]
[WhiteTeam "Plettenberg"]
[BlackTeam "Werder Bremen"]
[WhiteTeamCountry "GER"]
[BlackTeamCountry "GER"]

1. d4 Nf6 2. Bf4 c5 3. e3 Nd5 4. Bg3 cxd4 5. exd4 Qb6 6. Nc3 Nxc3 7. bxc3 d5 8. Nf3 Nc6 9. Be2 Qb2 10. 0-0 Qxc3 11. Rb1 e6 12. Rb3 Qa5 13. c4 Be7 14. Qb1 0-0 15. Rc1 Bf6 16. Rd1 Qd8 17. cxd5 exd5 18. Rc3 g6 19. Ne5 Re8 20. f4 Qa5 21. Rc5 Qa3 22. Rd3 Qb4 23. Qxb4 Nxb4 24. Rb3 Nc6 25. Bb5 Bf5 26. Bf2 Rac8 27. Rbc3 Kg7 28. Rxd5 Nxe5 29. dxe5 Rxc3 30. exf6+ Kg8 0-1

[Event "GER-ch blitz"]
[Site "Magdeburg"]
[Date "2019.05.25"]
[Round "15"]
[White "Hirneise, Jens"]
[Black "Schulze, Marc Andre"]
[Result "1/2-1/2"]
[WhiteElo "2375"]
[BlackElo "2220"]
[PlyCount "89"]
[EventDate "2019.05.25"]
[EventType "tourn (blitz)"]
[EventRounds "29"]
[EventCountry "GER"]
[SourceTitle "CBM 190 Extra"]
[Source "ChessBase"]
[SourceDate "2019.07.15"]
[SourceVersion "1"]
[SourceVersionDate "2019.07.15"]
[SourceQuality "1"]

1. e4 c5 2. Nf3 g6 3. d4 cxd4 4. Nxd4 Bg7 5. Nc3 Nc6 6. Be3 Nf6 7. Bc4 Qa5 8. 0-0 0-0 9. Bb3 d6 10. h3 Bd7 11. Re1 Rac8 12. f4 Rfe8 13. f5 Ne5 14. Rf1 Nc4 15. fxg6 hxg6 16. Bxc4 Rxc4 17. Qd3 Rec8 18. Nb3 Qh5 19. Bd4 b6 20. Bxf6 exf6 21. Nd5 Qe5 22. c3 Rxe4 23. Nxf6+ Bxf6 24. Rxf6 Re1+ 25. Rxe1 Qxe1+ 26. Rf1 Qe5 27. Rd1 Rc6 28. Nd4 Rc8 29. Nf3 Qc5+ 30. Kh1 Be6 31. Qxd6 Qxd6 32. Rxd6 Bxa2 33. Rd7 a5 34. Rb7 Rc6 35. Nd4 Rd6 36. Kh2 Bd5 37. Rb8+ Kg7 38. Kg3 Rf6 39. Rd8 Be4 40. Rd7 Bc6 41. Nxc6 Rxc6 42. Kf3 Rc5 43. Rd4 Rb5 44. Rd2 Kf6 45. Ke4 1/2-1/2

[Event "GER-ch blitz"]
[Site "Magdeburg"]
[Date "2019.05.25"]
[Round "18"]
[White "Schulze, Marc Andre"]
[Black "Zelbel, Patrick"]
[Result "0-1"]
[WhiteElo "2220"]
[BlackElo "2439"]
[PlyCount "54"]
[EventDate "2019.05.25"]
[EventType "tourn (blitz)"]
[EventRounds "29"]
[EventCountry "GER"]
[SourceTitle "CBM 190 Extra"]
[Source "ChessBase"]
[SourceDate "2019.07.15"]
[SourceVersion "1"]
[SourceVersionDate "2019.07.15"]
[SourceQuality "1"]

1. d4 d5 2. Bf4 c5 3. e3 Nc6 4. Nf3 Nf6 5. c3 Qb6 6. Qb3 c4 7. Qc2 Bf5 8. Qc1 e6 9. h3 h6 10. Nbd2 Be7 11. b3 cxb3 12. axb3 Rc8 13. Qb2 Ne4 14. Nxe4 Bxe4 15. Be2 Nb4 16. 0-0 Nd3 17. Bxd3 Bxd3 18. Rfc1 f6 19. Qd2 Be4 20. Ne1 Qxb3 21. Rxa7 0-0 22. f3 Bg6 23. Nd3 Ra8 24. Rxa8 Rxa8 25. Nc5 Bxc5 26. dxc5 Ra2 27. Qe1 Qb2 0-1